Statistics for International Football Trophy Winners

Click here to take the quiz!

General Stats

  • This quiz has been taken 67 times
  • The average score is 285 of 346

Answer Stats

HintAnswer% Correct
Confederations Cup (Men) 1992 | Copa America (Men) 1921 | Copa America (Men) 1925 | +17 othersArgentina
100%
Confederations Cup (Men) 1997 | Confederations Cup (Men) 2005 | Confederations Cup (Men) 2009 | +24 othersBrazil
100%
Confederations Cup (Men) 2017 | European Championships (Men) 1996 | European Championships (Women) 1991 | +10 othersGermany
100%
African Cup of Nations (Men) 1957 | African Cup of Nations (Men) 1959 | African Cup of Nations (Men) 1974 | +5 othersEgypt
98%
Confederations Cup (Men) 2001 | Confederations Cup (Men) 2003 | European Championships (Men) 1984 | +5 othersFrance
98%
European Championships (Men) 2016 | UEFA Nations League 2018Portugal
98%
European Championships (Men) 1968 | European Championships (Men) 2020 | Olympics Gold (Men) 1936 | +4 othersItaly
96%
European Championships (Men) 1964 | European Championships (Men) 2008 | European Championships (Men) 2012 | +2 othersSpain
96%
Copa America (Men) 1916 | Copa America (Men) 1917 | Copa America (Men) 1920 | +18 othersUruguay
96%
European Championships (Men) 1988 | European Championships (Women) 2017Netherlands
95%
African Cup of Nations (Men) 1980 | African Cup of Nations (Men) 1994 | African Cup of Nations (Men) 2013 | +12 othersNigeria
95%
Concacaf Gold Cup (Men) 1991 | Concacaf Gold Cup (Men) 2002 | Concacaf Gold Cup (Men) 2005 | +21 othersUSA
95%
AFC Asian Cup (Men) 1992 | AFC Asian Cup (Men) 2000 | AFC Asian Cup (Men) 2004 | +4 othersJapan
93%
AFC Asian Cup (Women) 1986 | AFC Asian Cup (Women) 1989 | AFC Asian Cup (Women) 1991 | +5 othersChina
91%
World Cup (Men) 1966England
91%
Concacaf Gold Cup (Men) 1965 | Concacaf Gold Cup (Men) 1971 | Concacaf Gold Cup (Men) 1977 | +10 othersMexico
91%
European Championships (Women) 1984 | Olympics Gold (Men) 1948Sweden
91%
AFC Asian Cup (Men) 2015 | AFC Asian Cup (Women) 2010 | OFC Nations Cup (Men) 1980 | +6 othersAustralia
89%
AFC Asian Cup (Men) 1956 | AFC Asian Cup (Men) 1960South Korea
87%
Copa America (Men) 2015 | Copa America (Men) 2016Chile
85%
European Championships (Men) 2004Greece
85%
AFC Asian Cup (Women) 1975 | OFC Nations Cup (Men) 1973 | OFC Nations Cup (Men) 1998 | +9 othersNew Zealand
85%
African Cup of Nations (Men) 1996South Africa
85%
African Cup of Nations (Men) 1990 | African Cup of Nations (Men) 2019Algeria
84%
Olympics Gold (Men) 1920Belgium
84%
African Cup of Nations (Men) 1984 | African Cup of Nations (Men) 1988 | African Cup of Nations (Men) 2000 | +3 othersCameroon
84%
Copa America (Men) 2001Colombia
84%
Copa America (Men) 1953 | Copa America (Men) 1979Paraguay
84%
Concacaf Gold Cup (Men) 1985 | Concacaf Gold Cup (Men) 2000 | Concacaf Gold Cup (Women) 1998 | +3 othersCanada
82%
Confederations Cup (Men) 1995 | European Championships (Men) 1992Denmark
82%
European Championships (Women) 1987 | European Championships (Women) 1993 | Olympics Gold (Women) 2000 | World Cup (Women) 1995Norway
82%
European Championships (Men) 1960 | Olympics Gold (Men) 1988 | Olympics Gold (Men) 1956USSR
82%
AFC Asian Cup (Men) 1968 | AFC Asian Cup (Men) 1972 | AFC Asian Cup (Men) 1976Iran
80%
AFC Asian Cup (Men) 1984 | AFC Asian Cup (Men) 1988 | AFC Asian Cup (Men) 1996 | +3 othersSaudi Arabia
78%
Caribbean Cup 1991 | Caribbean Cup 1998 | Caribbean Cup 2005 | +3 othersJamaica
76%
African Cup of Nations (Men) 2004Tunisia
76%
Copa America (Men) 1963Bolivia
75%
Copa America (Men) 1939 | Copa America (Men) 1975Peru
75%
African Cup of Nations (Men) 1992 | African Cup of Nations (Men) 2015Cote D'Ivoire
73%
Olympics Gold (Men) 1900 | Olympics Gold (Men) 1908 | Olympics Gold (Men) 1912Great Britain
73%
AFC Asian Cup (Men) 2007 | Arabian Gulf Cup 1979 | Arabian Gulf Cup 1984 | Arabian Gulf Cup 1988Iraq
73%
Olympics Gold (Men) 1972Poland
73%
European Championships (Men) 1972 | European Championships (Men) 1980 | European Championships (Women) 1989 | +3 othersWest Germany
73%
Olympics Gold (Men) 1960Yugoslavia
71%
European Championships (Men) 1976 | Olympics Gold (Men) 1980Czechoslovakia
65%
Olympics Gold (Men) 1952 | Olympics Gold (Men) 1964 | Olympics Gold (Men) 1968Hungary
65%
AFC Asian Cup (Men) 2019 | Arabian Gulf Cup 1992 | Arabian Gulf Cup 2004 | Arabian Gulf Cup 2014Qatar
65%
Arabian Gulf Cup 2007 | Arabian Gulf Cup 2013UAE
65%
African Cup of Nations (Men) 1963 | African Cup of Nations (Men) 1965 | African Cup of Nations (Men) 1978 | African Cup of Nations (Men) 1982Ghana
64%
AFC Asian Cup (Women) 2001 | AFC Asian Cup (Women) 2003 | AFC Asian Cup (Women) 2008North Korea
62%
Caribbean Cup 2012Cuba
58%
Caribbean Cup 1979 | Caribbean Cup 2007 | Concacaf Gold Cup (Men) 1973Haiti
58%
African Cup of Nations (Men) 1970Sudan
58%
Caribbean Cup 1981 | Caribbean Cup 1988 | Caribbean Cup 1989 | +7 othersTrinidad and Tobago
58%
Concacaf Gold Cup (Men) 1963 | Concacaf Gold Cup (Men) 1969 | Concacaf Gold Cup (Men) 1989Costa Rica
56%
African Cup of Nations (Men) 1962 | African Cup of Nations (Men) 1976Ethiopia
53%
AFC Asian Cup (Men) 1980 | Arabian Gulf Cup 1970 | Arabian Gulf Cup 1972 | +8 othersKuwait
53%
Olympics Gold (Men) 1976East Germany
51%
Concacaf Gold Cup (Men) 1981Honduras
51%
AFC Asian Cup (Men) 1964Israel
51%
African Cup of Nations (Men) 2012Zambia
47%
AFC Asian Cup (Women) 1983Thailand
45%
Arabian Gulf Cup 2009 | Arabian Gulf Cup 2017Oman
44%
Arabian Gulf Cup 2019Bahrain
40%
Concacaf Gold Cup (Men) 1967Guatemala
38%
AFC Asian Cup (Women) 1977 | AFC Asian Cup (Women) 1979 | AFC Asian Cup (Women) 1981 | +2 othersTaiwan
33%
African Cup of Nations (Men) 1968DRC
31%
OFC Nations Cup (Men) 2012Tahiti
29%
Caribbean Cup 1978Suriname
22%
Caribbean Cup 2017Curacao
15%
African Cup of Nations (Women) 2008 | African Cup of Nations (Women) 2012Equatorial Guinea
11%
Caribbean Cup 1983 | Caribbean Cup 1985 | Caribbean Cup 1993Martinique
7%
African Cup of Nations (Men) 1972Republic of Congo
4%

Score Distribution

Percentile by Number Answered

Percent of People with Each Score

Your Score History

You have not taken this quiz